000
00304nam a2200133Ia 4500
008
150731s2014 xx 000 0 und d
082
_a
611
_b
H 14 C
100
_a
CHAURASIA,B.D.
245
_a
HUMAN ANATOMY
250
_a
6 TH
260
_b
C B S PUB. INDIA
_c
2014
300
_a
311
942
_2
ddc
_c
BK
_0
210
999
_c
7972
_d
7972